| 000 | 00389nam a22001457a 4500 | ||
|---|---|---|---|
| 020 | _qHB. | ||
| 040 | _cFIZZA ISHAQ | ||
| 082 |
_a430 _bANA |
||
| 100 |
_aLIBERMAN,ANATOLY. _9134350 |
||
| 245 |
_aTHE SCANDINAVIAN LANGUAGES / _cANATOLY LIBERMAN. |
||
| 250 | _aVOLUME 1. | ||
| 260 |
_aNEW YORK ; _bUNIVERSITY OF MINNESOTA PRESS, _c1982. |
||
| 300 |
_a380 P. ; _c9.6X6.2IN |
||
| 942 |
_2ddc _cBK |
||
| 999 |
_c617330 _d617330 |
||